<?xml version="1.0" encoding="UTF-8"?>
<record
    xmlns:xsi="http://www.w3.org/2001/XMLSchema-instance"
    xsi:schemaLocation="http://www.loc.gov/MARC21/slim http://www.loc.gov/standards/marcxml/schema/MARC21slim.xsd"
    xmlns="http://www.loc.gov/MARC21/slim">

  <leader>01766nam a22003137i 4500</leader>
  <datafield tag="999" ind1=" " ind2=" ">
    <subfield code="c">176555</subfield>
    <subfield code="d">176555</subfield>
  </datafield>
  <controlfield tag="003">OSt</controlfield>
  <controlfield tag="005">20200302103003.0</controlfield>
  <controlfield tag="008">200302t20172017enkao  e      000 0 eng d</controlfield>
  <datafield tag="020" ind1=" " ind2=" ">
    <subfield code="a">9781472937773</subfield>
    <subfield code="c">RM167.90</subfield>
    <subfield code="q">hardback</subfield>
  </datafield>
  <datafield tag="040" ind1=" " ind2=" ">
    <subfield code="a">PPAK</subfield>
    <subfield code="b">eng</subfield>
    <subfield code="c">PPAK</subfield>
    <subfield code="e">rda</subfield>
  </datafield>
  <datafield tag="082" ind1="0" ind2="4">
    <subfield code="2">23</subfield>
    <subfield code="a">641.6384 </subfield>
  </datafield>
  <datafield tag="090" ind1="0" ind2="0">
    <subfield code="a">641.6384 </subfield>
    <subfield code="b">KOC</subfield>
    <subfield code="d">R</subfield>
  </datafield>
  <datafield tag="100" ind1="1" ind2=" ">
    <subfield code="a">Kochhar, Atul, </subfield>
    <subfield code="e">author.</subfield>
  </datafield>
  <datafield tag="245" ind1="1" ind2="0">
    <subfield code="a">30 MINUTE CURRIES /</subfield>
    <subfield code="c">Atul Kochhar</subfield>
  </datafield>
  <datafield tag="246" ind1="3" ind2=" ">
    <subfield code="a">Thirty minute curries</subfield>
  </datafield>
  <datafield tag="264" ind1=" " ind2="1">
    <subfield code="a">London :</subfield>
    <subfield code="b">Absolute Press, </subfield>
    <subfield code="c">2017</subfield>
  </datafield>
  <datafield tag="264" ind1=" " ind2="4">
    <subfield code="c">&#xA9;2017</subfield>
  </datafield>
  <datafield tag="300" ind1=" " ind2=" ">
    <subfield code="a">239 pages : </subfield>
    <subfield code="b">colour photographs ;</subfield>
    <subfield code="c">25 cm</subfield>
  </datafield>
  <datafield tag="336" ind1=" " ind2=" ">
    <subfield code="2">rdacontent</subfield>
    <subfield code="a">text</subfield>
  </datafield>
  <datafield tag="337" ind1=" " ind2=" ">
    <subfield code="2">rdamedia</subfield>
    <subfield code="a">unmediated</subfield>
  </datafield>
  <datafield tag="338" ind1=" " ind2=" ">
    <subfield code="2">rdacarrier</subfield>
    <subfield code="a">volume</subfield>
  </datafield>
  <datafield tag="500" ind1=" " ind2=" ">
    <subfield code="a">Includes index</subfield>
  </datafield>
  <datafield tag="505" ind1=" " ind2=" ">
    <subfield code="t">Vegetables and pulses --</subfield>
    <subfield code="t">Eggs and cheese --</subfield>
    <subfield code="t">Seafood --</subfield>
    <subfield code="t">Poultry --</subfield>
    <subfield code="t">Meat.</subfield>
  </datafield>
  <datafield tag="520" ind1=" " ind2=" ">
    <subfield code="a">TV / CELEBRITY CHEF COOKBOOKS. Curry is the nation's favourite dish, but too often it can seem daunting to attempt at home. In this beautiful new book Michelin-starred chef and BBC's Great British Menu and Saturday Kitchen favourite Atul Kochhar shows readers how to create simple curries in their own homes in just 30 minutes, transforming boring weeknight dinners. Complementing the curries, Atul provides an introduction to spice mixes and the best way to store these ready for use in the quick and easy recipes. Dishes included showcase Atul's trademark mix of using the best and freshest British produce and his modern Indian style, and ensure that this book is one you will cook from time and time again. This is a book for curry lovers everywhere, with each of the 90 curries featured accompanied by stunning photography by Mike Cooper.</subfield>
  </datafield>
  <datafield tag="650" ind1="1" ind2="0">
    <subfield code="a">Cooking (Curry)</subfield>
  </datafield>
  <datafield tag="650" ind1="2" ind2="0">
    <subfield code="a">Cooking, Indic </subfield>
  </datafield>
  <datafield tag="650" ind1="2" ind2="0">
    <subfield code="a">Cookbooks</subfield>
  </datafield>
  <datafield tag="942" ind1=" " ind2=" ">
    <subfield code="2">ddc</subfield>
    <subfield code="c">B</subfield>
  </datafield>
  <datafield tag="952" ind1=" " ind2=" ">
    <subfield code="0">0</subfield>
    <subfield code="7">1</subfield>
    <subfield code="b">PPAK</subfield>
    <subfield code="c">R</subfield>
    <subfield code="d">2020-03-15</subfield>
    <subfield code="o">R 641.6384  KOC</subfield>
    <subfield code="p">A01635139</subfield>
    <subfield code="r">2020-03-15 00:00:00</subfield>
    <subfield code="y">B</subfield>
  </datafield>
</record>
